LIBRARY & INFORMATION CENTRE, KCAET, TAVANUR

ONLINE PUBLIC ACCESS CATALOGUE (OPAC)

Engineering For Agricultural Drainage (Record no. 14296)

MARC details
000 -LEADER
fixed length control field 00310nam a22001217a 4500
020 ## - INTERNATIONAL STANDARD BOOK NUMBER
ISBN 9789350562604
082 ## - DEWEY DECIMAL CLASSIFICATION NUMBER
Classification number 631.587
Item number SHI/EN
100 ## - MAIN ENTRY--AUTHOR NAME
Personal name Shivanna,H
245 ## - TITLE STATEMENT
Title Engineering For Agricultural Drainage
260 ## - PUBLICATION, DISTRIBUTION, ETC. (IMPRINT)
Place of publication New Delhi
Name of publisher Discovery Publishing House Pvt.Ltd
Year of publication 2013
300 ## - PHYSICAL DESCRIPTION
Number of Pages 183
942 ## - ADDED ENTRY ELEMENTS (KOHA)
Koha item type Books
Holdings
Withdrawn status Lost status Damaged status Collection code Home library Current library Shelving location Date acquired Source of acquisition Cost, normal purchase price Full call number Accession Number Koha item type
        KAUAET KAUAET General Stacks 14/06/2016 Penta Books, Calicut 900.00 631.587 SHI/EN 24199 Books
free website counter